Drying and storage of cereal grains / (Record no. 14851)
[ view plain ]
| 000 -LEADER | |
|---|---|
| fixed length control field | 00444cam a2200181 i 4500 |
| 003 - CONTROL NUMBER IDENTIFIER | |
| control field | OSt |
| 008 - FIXED-LENGTH DATA ELEMENTS--GENERAL INFORMATION | |
| fixed length control field | 160616t20172017enka b 001 0 eng |
| 020 ## - INTERNATIONAL STANDARD BOOK NUMBER | |
| ISBN | 9781119124238 (cloth) |
| 041 ## - LANGUAGE CODE | |
| Language code of text/sound track or separate title | eng |
| 082 00 - DEWEY DECIMAL CLASSIFICATION NUMBER | |
| Classification number | 633.10284 |
| 100 1# - MAIN ENTRY--AUTHOR NAME | |
| Personal name | Bala, B. K. |
| 245 10 - TITLE STATEMENT | |
| Title | Drying and storage of cereal grains / |
| 250 ## - EDITION STATEMENT | |
| Edition statement | 2nd ed. |
| 300 ## - PHYSICAL DESCRIPTION | |
| Number of Pages | xv, 335 pages : |
| Other physical details | illustrations ; |
| 650 #0 - SUBJECT ADDED ENTRY--TOPICAL TERM | |
| Topical Term | Grain |
| 650 #0 - SUBJECT ADDED ENTRY--TOPICAL TERM | |
| Topical Term | Grain |
| 942 ## - ADDED ENTRY ELEMENTS (KOHA) | |
| Koha item type | Books |
| Withdrawn status | Lost status | Damaged status | Home library | Current library | Shelving location | Date acquired | Source of acquisition | Cost, normal purchase price | Full call number | Accession Number | Koha item type |
|---|---|---|---|---|---|---|---|---|---|---|---|
| KAUAET | KAUAET | General Stacks | 30/03/2017 | Neoti book Agency | 12839.00 | 633.10284 BAL/DR | 25449 | Books |
